Historian henkilöt kuvavisa (Keskivaikea) - Statistics

Yleistilastot
  • Tätä visaa on pelattu 71 kertaa
  • Keskiarvotulos 3 / 16
Vastaustilastot
Kuvavisa Vastaus % Oikein
Walt Disney
66%
Aleksis Kivi
42%
Leopold II
34%
Mobutu Sese Seko
34%
Agatha Christie
31%
Zacharias Topelius
30%
Adolf Ehrnrooth
27%
Carl Barks
22%
Franz Josef I
11%
Paavo Talvela
11%
Ferdinand Foch
9%
Francois Duvalier
9%
Alan A. Milne
6%
Hannes Ignatius
6%
Dimitri Shostakovich
5%
Joseph Joffre
5%
Ehtoja vastaavia visoja ei löytynyt
Tulosjakauma
Jokaisen tuloksen saaneiden osuus
Persentiili vastausten määrän mukaan
Tuloshistoriasi
Et ole pelannut tätä visaa